| 000 | 00848nam a2200265 i 4500 | ||
|---|---|---|---|
| 001 | 184184 | ||
| 003 | ES-MaACL | ||
| 005 | 20250806013903.0 | ||
| 008 | 150415s1962 sp f |||| |dspa d | ||
| 080 | _a929:61Bernard, Claude | ||
| 080 | _a616-092.4 | ||
| 100 | 1 |
_aClarke, Robert. _9156728 |
|
| 245 | 1 | 0 |
_aClaude Bernard / _cpor Robert Clarke ; traducción, S.M. |
| 246 | 3 | 4 | _aClaude Bernard y la medicina experimental |
| 260 |
_aMadrid : _bCid, _c[1962] |
||
| 300 |
_a239 p., [8] p. de lám. ; _c16 cm. |
||
| 490 | 1 |
_aSabios del mundo entero ; _v4 |
|
| 500 | _aLéxico. | ||
| 504 | _aBibliografía: p. 234. | ||
| 600 | 1 | 4 |
_aBernard, Claude, _d1813-1878 _928231 |
| 650 | 7 |
_aMedicina experimental _2embne _9156729 |
|
| 830 | 0 |
_aSabios del mundo entero ; _v4 _9192074 |
|
| 852 |
_aES-MaACL _jE-15551 |
||
| 999 |
_c184184 _d184184 |
||